000 00314cam a22001217a 4500
008 180718b1993 xxu||||| |||| 00| 0 eng d
082 _aK12x54 K179
100 _aKaw, M.K.
245 _aBureaucrazy: IAS unmasked
_cby M.K. Kaw
260 _aDelhi
_bKonark
_c1993
300 _a154p.
650 _aCivil service --India
999 _c437956
_d437956